000 00909nam2a2200253 4500
001 RU\NLR\bibl\61141
005 20250616091626.0
010 _a5-300-01582
021 _aRU
_b98-15198
_9718
035 _a(NLR Aleph) 000059647
090 _a324249
_c324249
100 _a19991126d1998 |||y0rusy50 ca
101 1 _arus
_ceng
102 _aRU
105 _ay |||||||||
200 1 _aГений
_e[Роман
_fПер. с англ. М. Волосова]
210 _d1998
_aБ. м.
215 _a461, [2] с.
461 0 _1001RU\NLR\bibl\5949
_12001#$aСобрание сочинений$vТ. 6
_916712
_aДрайзер, Т. (1871-1945)
_cМ.
_d1997
_fТеодор Драйзер
_nТерра
_oВ 12 т. : [Пер. с англ.]
_tСобрание сочинений
_y5-300-01279-3
_vТ. 6
801 0 _aRU
_bNLR
_c19991126
_gPSBO
801 1 _aRU
_bNLR
_c19991126
852 _aNLR
_j97-3/10169
942 _cBOOK
980 _aNB